Calculus ; For Business Economics and the social and Life Sciences (Record no. 3935)

MARC details
005 - DATE AND TIME OF LATEST TRANSACTION
control field 20250613072648.0
020 ## - INTERNATIONAL STANDARD BOOK NUMBER
International Standard Book Number 978-0-07-305191-8
082 ## - DEWEY DECIMAL CLASSIFICATION NUMBER
Classification number 515HOF
100 ## - MAIN ENTRY--PERSONAL NAME
Author name HOFFMANN. D. L
245 ## - TITLE STATEMENT
Title Calculus ; For Business Economics and the social and Life Sciences
250 ## - EDITION STATEMENT
Edition statement 9th Ed,
260 ## - PUBLICATION, DISTRIBUTION, ETC.
Place of publication, distribution, etc. USA,
Name of publisher, distributor, etc. New York,
Date of publication, distribution, etc. 2007.
300 ## - PHYSICAL DESCRIPTION
Extent xxx, 750p, ill, table, figure, picture
Other physical details Index
Dimensions 27cm
700 ## - ADDED ENTRY--PERSONAL NAME
Other authors/Editors BRADLEY. L. G
942 ## - ADDED ENTRY ELEMENTS (KOHA)
Source of classification or shelving scheme Dewey Decimal Classification
Koha item type Books

No items available.